قصة دستور الولايات المتحدة / (رقم التسجيلة. 127071)

تفاصيل مارك
000 -LEADER
fixed length control field 00537nam a22001817a 4500
005 - DATE AND TIME OF LATEST TRANSACTION
control field 20251108175134.0
008 - FIXED-LENGTH DATA ELEMENTS--GENERAL INFORMATION
fixed length control field 250721s9999 xx 000 0 ara d
082 14 - DEWEY DECIMAL CLASSIFICATION NUMBER
Classification number 342.73/فار
100 1# - MAIN ENTRY--PERSONAL NAME
Personal name فاراند، ماكس
245 10 - TITLE STATEMENT
Title قصة دستور الولايات المتحدة /
264 1# - PRODUCTION, PUBLICATION, DISTRIBUTION, MANUFACTURE, AND COPYRIGHT NOTICE
Place of production, publication, distribution, manufacture القاهرة :
Name of producer, publisher, distributor, manufacturer مكتبة وهبة،
300 ## - PHYSICAL DESCRIPTION
Extent 189ص.
650 17 - SUBJECT ADDED ENTRY--TOPICAL TERM
Topical term or geographic name as entry element الدستور
650 17 - SUBJECT ADDED ENTRY--TOPICAL TERM
Topical term or geographic name as entry element الولايات المتحدة
700 1# - ADDED ENTRY--PERSONAL NAME
Personal name ابراهيم، وايت
Relator term مترجم
942 ## - ADDED ENTRY ELEMENTS (KOHA)
Source of classification or shelving scheme Dewey Decimal Classification
Koha item type كتب
المقتنيات
حالة السحب حالة الفقدان مصدر التصنيف حالة التلف غير قابل للإعارة المكتبة الرئيسية المكتبة الحالية تاريخ التزويد الرقم المتسلسل Total Checkouts رقم الإستدعاء الباركود تاريخ آخر ظهور تاريخ الفاتورة نوع المادة (كوها)
    Dewey Decimal Classification     المكتبة المركزية المكتبة المركزية 28/07/2025 1765070   342.73/فار PLD00494751 28/07/2025 28/07/2025 كتب
Implemented & Customized by: BBB with SCIT (Smart Chains for Information Technology)

Powered by Koha